On This Day: October 31st Quiz Stats

 Plays Quiz Updated Oct 31, 2017

Challenge
Share
Tweet
Embed
Score 0/7 Timer 03:00
1 Play Today
Question Answer Wrong Answers
This country announces it will no longer cooperate with United Nations weapons inspectors.
1998
Iraq
80.8%
Turkey
1.9%
China
5.5%
Russia
9.6%
This director and screenwriter from New Zealand, known for directing ‘The Lord of the Rings’ film series, is born.
1961
Peter Jackson
78.4%
Guillermo del Toro
1.6%
James Cameron
10.8%
Ridley Scott
8%
This territory is admitted as the 36th US state. Today it is known as the ‘Silver State’.
1864
Nevada
75.8%
Oregon
7.2%
Idaho
6.6%
Montana
10%
This Indian Prime Minister is assassinated by two Sikh security guards, sparking days of riots and retaliatory violence towards Sikhs in India.
1984
Indira Gandhi
72.7%
Charan Singh
2.9%
Rajiv Gandhi
8.3%
Jawaharlal Nehru
14.4%
This battle of World War II, the first major military campaign fought entirely by air forces, ends with the United Kingdom preventing a possible German invasion.
1940
Battle of Britain
60.6%
Battle of Dunkirk
24.2%
Battle of London
11%
Battle of Birmingham
3.3%
The global population of humans reaches ______ billion.
2011
Seven
47.8%
Eight
20.2%
Nine
11.2%
Six
18.6%
Citing failing health, this Union general, who served on active duty as a general longer than any other person in American history, resigns as Commander of the United States Army.
1861
Winfield Scott
31.1%
George B. McClellan
38%
George Meade
21.3%
John C. Frémont
9.4%

Today's Daily Dose

You're not logged in!

Compare scores with friends on all Sporcle quizzes.
OR
Log In

You Might Also Like...

Show Comments

Extras

Top Quizzes Today


Score Distribution

Your Account Isn't Verified!

In order to create a playlist on Sporcle, you need to verify the email address you used during registration. Go to your Sporcle Settings to finish the process.

Report this User

Report this user for behavior that violates our Community Guidelines.

Details: